Singapore : Selected Issues.

This Selected Issues paper develops a new calibrated model of the Singapore economy, the Singapore Global Policy MODel (SGPMOD), and uses it to conduct a variety of policy experiments focused on the conduct of monetary policy. The SGPMOD is used to illustrate the role of the monetary policy response...

Descripció completa

Dades bibliogràfiques
Autor corporatiu: International Monetary Fund. Asia and Pacific Dept
Format: Revista
Idioma:English
Publicat: Washington, D.C. : International Monetary Fund, 2016.
Col·lecció:IMF Staff Country Reports; Country Report ; No. 2016/264
Accés en línia:Full text available on IMF
LEADER 01799cas a2200241 a 4500
001 AALejournalIMF017014
008 230101c9999 xx r poo 0 0eng d
020 |c 5.00 USD 
020 |z 9781475521085 
022 |a 1934-7685 
040 |a BD-DhAAL  |c BD-DhAAL 
110 2 |a International Monetary Fund.  |b Asia and Pacific Dept. 
245 1 0 |a Singapore :   |b Selected Issues. 
264 1 |a Washington, D.C. :  |b International Monetary Fund,  |c 2016. 
300 |a 1 online resource (43 pages) 
490 1 |a IMF Staff Country Reports 
500 |a <strong>Off-Campus Access:</strong> No User ID or Password Required 
500 |a <strong>On-Campus Access:</strong> No User ID or Password Required 
506 |a Electronic access restricted to authorized BRAC University faculty, staff and students 
520 3 |a This Selected Issues paper develops a new calibrated model of the Singapore economy, the Singapore Global Policy MODel (SGPMOD), and uses it to conduct a variety of policy experiments focused on the conduct of monetary policy. The SGPMOD is used to illustrate the role of the monetary policy responses of Singapore's monetary authority following a variety of domestic and external shocks. It is suggested that monetary policy can do little to prevent the trough in real GDP in late 2016, but it can definitely contribute to a speedier recovery. In the near term, there is general global turbulence in exchange rate markets, exacerbating the negative effects from Singapore's transmission mechanism and its reliance on the uncovered interest parity condition. 
538 |a Mode of access: Internet 
830 0 |a IMF Staff Country Reports; Country Report ;  |v No. 2016/264 
856 4 0 |z Full text available on IMF  |u http://elibrary.imf.org/view/journals/002/2016/264/002.2016.issue-264-en.xml  |z IMF e-Library